Les Français Champions du Monde 2018 avec leurs initiales - Statistiques

Statistiques générales
  • Ce quiz a été pris 224 fois
  • Le résultat moyen est 17 sur 23
Statistiques - réponses
Réponse % Correct
Kylian Mbappé
95%
Antoine Griezmann
90%
N'Golo Kanté
90%
Alphonse Areola
88%
Olivier Giroud
86%
Paul Pogba
82%
Hugo Lloris
81%
Lucas Hernandez
79%
Benjamin Pavard
78%
Ousmane Dembélé
75%
Raphaël Varane
74%
Samuel Umtiti
74%
Presnel Kimpembe
70%
Steve Mandanda
67%
Adil Rami
66%
Steven Nzonzi
63%
Blaise Matuidi
62%
Florian Thauvin
62%
Nabil Fekir
62%
Benjamin Mendy
60%
Corentin Tolisso
55%
Djibril Sidibé
48%
Thomas Lemar
46%
Aucun quiz correspondant
Distribution des résultats
% des personnes avec chaque résultat
Percentile par nombre de réponses
Votre historique - résultats
Vous n’avez pas pris ce quiz